Ochrana stavebného diela pod úrovňou terénu

Na minha lista:
Detalhes bibliográficos
Autor principal: Valkovec, Daniel (Author)
Formato: Livro
Idioma:eslovaco
Publicado em: Bratislava : Alfa, 1979
Tags: Adicionar Tag
Sem tags, seja o primeiro a adicionar uma tag!

MARC

LEADER 00000nam a22000003a 4500
001 stu197116
005 20150617230047.8
008 091211s1979----cs------------------slo-d
040 |a STU  |b slo 
041 0 |a slo 
044 |a cs 
080 |a 699.8 
100 1 |a Valkovec, Daniel  |4 aut 
245 1 |a Ochrana stavebného diela pod úrovňou terénu 
260 |a Bratislava :  |b Alfa,  |c 1979 
300 |a 157 s 
996 |c V*16662/O-6066  |l VV16  |s P  |a 0  |w stu197116_0001